A systematic review of aquatic animal health interventions in asia : Thesis submitted in accordance with the requirements of the university of Liverpool for the degree of master in philosophy

Αποθηκεύτηκε σε:
Λεπτομέρειες βιβλιογραφικής εγγραφής
Κύριος συγγραφέας: Barnard, Lucy Elin
Μορφή: Βιβλίο
Γλώσσα:Undetermined
Έκδοση: English University of Liverpool 2004
Θέματα:
Ετικέτες: Προσθήκη ετικέτας
Δεν υπάρχουν, Καταχωρήστε ετικέτα πρώτοι!
Thư viện lưu trữ: Trung tâm Học liệu Trường Đại học Cần Thơ
LEADER 00694nam a2200193Ia 4500
001 CTU_161661
008 210402s9999 xx 000 0 und d
082 |a 639.8 
082 |b B259 
100 |a Barnard, Lucy Elin 
245 2 |a A systematic review of aquatic animal health interventions in asia : 
245 0 |b Thesis submitted in accordance with the requirements of the university of Liverpool for the degree of master in philosophy 
245 0 |c Lucy Elin Barnard 
260 |a English 
260 |b University of Liverpool 
260 |c 2004 
650 |a Aquaculture,Nuôi trồng thủy sản 
904 |i Trọng Hải 
980 |a Trung tâm Học liệu Trường Đại học Cần Thơ